<?xml version="1.0" encoding="UTF-8"?>
<record
    xmlns:xsi="http://www.w3.org/2001/XMLSchema-instance"
    xsi:schemaLocation="http://www.loc.gov/MARC21/slim http://www.loc.gov/standards/marcxml/schema/MARC21slim.xsd"
    xmlns="http://www.loc.gov/MARC21/slim">

  <leader>01559nabaa22001817a 4500</leader>
  <datafield tag="999" ind1=" " ind2=" ">
    <subfield code="c">6141</subfield>
    <subfield code="d">6141</subfield>
  </datafield>
  <controlfield tag="003">OSt</controlfield>
  <controlfield tag="005">20260122232427.0</controlfield>
  <controlfield tag="008">190701b        xxu||||| |||| 00| 0 spa d</controlfield>
  <datafield tag="040" ind1=" " ind2=" ">
    <subfield code="c">PJ</subfield>
  </datafield>
  <datafield tag="100" ind1=" " ind2=" ">
    <subfield code="9">18</subfield>
    <subfield code="a">Cassagne, Juan Carlos</subfield>
  </datafield>
  <datafield tag="245" ind1="1" ind2="0">
    <subfield code="a">Singularidad y fuentes del sistema judicialista argentino :</subfield>
    <subfield code="b">alcances de la revisi&#xF3;n judicial de la actividad de la administraci&#xF3;n /</subfield>
    <subfield code="c">Juan Carlos Cassagne.</subfield>
  </datafield>
  <datafield tag="300" ind1=" " ind2=" ">
    <subfield code="a">p. 223-259</subfield>
  </datafield>
  <datafield tag="505" ind1=" " ind2=" ">
    <subfield code="a">Sumario: I. Introducci&#xF3;n: sobre las fuentes del sistema judicialista argentino.&#x2014; II. Un concepto previo: el acto jurisdiccional de la Administraci&#xF3;n.&#x2014; III. Reflexiones sobre el modelo constitucional adoptado y la separaci&#xF3;n de los poderes.&#x2014; IV. Excurso acerca del juzgamiento de las causas contencioso-administrativas.&#x2014; V. La proyecci&#xF3;n en Iberoam&#xE9;rica de la interdicci&#xF3;n al Ejecutivo del ejercicio de las funciones judiciales.&#x2014; VI. Estructura del sistema constitucional argentino de control judicial de la Administraci&#xF3;n p&#xFA;blica: el judicialismo acentuado o puro como producto de nuestra historia y de los antecedentes hisp&#xE1;nicos.&#x2014;VII. Analog&#xED;as y diferencias entre el derecho norteamericano y el argentino respecto del control judicial de la actividad de la Administraci&#xF3;n.&#x2014; VIII. Conclusiones.</subfield>
  </datafield>
  <datafield tag="505" ind1=" " ind2=" ">
    <subfield code="t">&#xBF;Te interesa el texto completo? Comunicate al correo: koha@justierradelfuego.gov.ar</subfield>
  </datafield>
  <datafield tag="650" ind1=" " ind2="0">
    <subfield code="9">211</subfield>
    <subfield code="a">DERECHO ADMINISTRATIVO</subfield>
  </datafield>
  <datafield tag="773" ind1="0" ind2=" ">
    <subfield code="0">2842</subfield>
    <subfield code="9">3251</subfield>
    <subfield code="d">Buenos Aires : AbeledoPerrot, 2012-</subfield>
    <subfield code="o">DA121</subfield>
    <subfield code="t">Derecho administrativo. N&#xBA; 149 septiembre/octubre 2023</subfield>
    <subfield code="z">18510590</subfield>
  </datafield>
  <datafield tag="942" ind1=" " ind2=" ">
    <subfield code="2">udc</subfield>
    <subfield code="c">ANA</subfield>
  </datafield>
</record>
